| 000 | 00733cam a22002413a 4500 | ||
|---|---|---|---|
| 001 | 28098 | ||
| 003 | PGUSA | ||
| 005 | 20140828083616.0 | ||
| 008 | 090216s2009||||xxu|||||s|||||000 1 eng d | ||
| 040 |
_aPGUSA _beng |
||
| 042 | _adc | ||
| 050 | 4 | _aPS | |
| 100 | 1 |
_aMurray, W. H. H. _q(William Henry Harrison), _d1840-1904 |
|
| 245 | 1 | 0 |
_aHoliday Tales : _bChristmas in the Adirondacks _h[electronic resource] / _cW. H. H. Murray |
| 260 |
_bProject Gutenberg, _c2009 |
||
| 506 | _aPublic domain in the USA. | ||
| 516 | _aElectronic text | ||
| 653 | _aChristmas stories | ||
| 653 | _aAdirondack Mountains (N.Y.) -- Fiction | ||
| 830 | 0 |
_aProject Gutenberg _v28098 |
|
| 856 | 4 | 0 | _uhttp://www.gutenberg.org/ebooks/28098 |
| 942 | _cEB | ||
| 999 |
_c257353 _d257353 |
||